Filosofia de la cultura en Francisco Gavidia/ (Registro nro. 9674)

Detalles MARC
000 -LEADER
fixed length control field 00849nam a2200205Ia 4500
005 - FECHA Y HORA DE LA ÚLTIMA TRANSACCIÓN
control field 20231009141536.0
008 - FIXED-LENGTH DATA ELEMENTS--GENERAL INFORMATION
fixed length control field 231006s9999 xx 000 0 und d
020 ## - INTERNATIONAL STANDARD BOOK NUMBER
International Standard Book Number 978-99983-59-03-1
040 ## - CATALOGING SOURCE
Original cataloging agency UPAN
Transcribing agency Biblioteca San Vicente
Description conventions RCAA90
041 ## - LANGUAGE CODE
Language code of text/sound track or separate title spa
082 ## - DEWEY DECIMAL CLASSIFICATION NUMBER
Classification number 301.01
Item number M425f
año de publicación 2022
100 ## - MAIN ENTRY--PERSONAL NAME
Personal name José Mata Gavidia
Relator code aut.
245 #0 - TITLE STATEMENT
Title Filosofia de la cultura en Francisco Gavidia/
Remainder of title José Mata Gavidia
250 ## - EDITION STATEMENT
Edition statement 1 ºed.
260 ## - PUBLICATION, DISTRIBUTION, ETC. (IMPRINT)
Place of publication, distribution, etc El Salvador:
Name of publisher, distributor, etc UCA,
Date of publication, distribution, etc 2022
300 ## - PHYSICAL DESCRIPTION
Extent 200 p. ;
Dimensions 20 cm.
505 ## - FORMATTED CONTENTS NOTE
Formatted contents note Capitulo primero. Prolegómenos a una filosofía de la cultura<br/>Capitulo segundo. Gavidia Magister Universalis<br/>Capitulo tercero. Transferencia cultural y educacion<br/>Capitulo cuarto. Poesía y cultura<br/>Capitulo quinto. Una filosofía propia o sea de la cultura
650 ## - SUBJECT ADDED ENTRY--TOPICAL TERM
Source of heading or term LEMB
Topical term or geographic name as entry element Cultura
General subdivision Filosofía
942 ## - ADDED ENTRY ELEMENTS (KOHA)
Koha item type Libros
Source of classification or shelving scheme Dewey Decimal Classification
Existencias
Withdrawn status Lost status Source of classification or shelving scheme Damaged status Not for loan Collection code Home library Current library Date acquired Total Checkouts Full call number Barcode Date last seen Copy number Price effective from Koha item type
    Dewey Decimal Classification     Colección General Biblioteca UPAN San Vicente Biblioteca UPAN San Vicente 06/10/2023   301.01 M425f 12004430 06/10/2023 01 06/10/2023 Libros